Cesty do sveta

Rozhovor s ministrom dopravy pôšt a telekomunikácií SR A. Rezešom o zámeroch ministerstva. Príprava programu vlády SR v dvoch oblastiach: dobudovanie diaľničnej siete a modernizácii železničnej siete. Spolupráca s mestami a obcami pri cestnej a železničnej výstavbe. Riešenie problémov v autobusovej...

Descrizione completa

Salvato in:
Dettagli Bibliografici
Autore principale: Rezeš, A.
Altri autori: Šnírerová, T.
Natura: Capitolo di libro
Lingua:slovacco
Soggetti:
Tags: Aggiungi Tag
Nessun Tag, puoi essere il primo ad aggiungerne!!

MARC

LEADER 00000naa a2200000 4500
001 r019097
005 20221213101319.0
041 0 |a slo 
044 |a SK 
245 1 0 |a Cesty do sveta  |c A. Rezeš, T. Šnírerová 
520 |a Rozhovor s ministrom dopravy pôšt a telekomunikácií SR A. Rezešom o zámeroch ministerstva. Príprava programu vlády SR v dvoch oblastiach: dobudovanie diaľničnej siete a modernizácii železničnej siete. Spolupráca s mestami a obcami pri cestnej a železničnej výstavbe. Riešenie problémov v autobusovej doprave. Predpoklady rozvoja šírenia rozhlasového a televízneho signálu. Posúdenie kvality poštových služieb a úroveň komunikačných služieb. Koncepcia rozvoja spojov do roku 2000. 
610 2 0 |a Ministerstvo dopravy, pôšt a telekomunikácií SR 
610 2 0 |a infraštruktúra 
610 2 0 |a Slovensko 
610 2 0 |a modernizácia 
610 2 0 |a doprava železničná 
610 2 0 |a doprava cestná 
610 2 0 |a diaľnice 
610 2 0 |a pošty 
610 2 0 |a telekomunikácie 
610 2 0 |a spoje 
610 2 0 |a služby 
610 2 0 |a rozhlas 
610 2 0 |a televízia 
610 2 0 |a koncepcie 
610 2 0 |a programy vládne 
610 2 0 |a 2000 
100 1 |a Rezeš, A. 
700 1 |a Šnírerová, T.